=LDR 00000nam 2200000 4500 =001 INLIS000000000047769 =005 20160216095438.0 =006 =007 =008 =035 ##$$0010-021600000000157 =040 ##$$a NBPDMAT =082 ##$$a 492.7 =090 ##$$a 492.7$bAla a =245 ##$$a Al Arobiatillinnasyiin : manhaj mutakamili ligair allinaa thiqiina bil'arabiiyah : kitabultalamiz =250 ##$$a Cet. 1 =260 ##$$a Mekkah$bSaudi$c1983 =300 ##$$a 249 hlm. : ilus. ; 22 cm =650 ##$$a Bahasa Arab - Pelajaran =850 ##$$a NBPDMAT =990 ##$$a 31500829 =990 ##$$a 31500829/BPAP-NTB/2016